| 000 | 01458cam a22004214i 4500 | ||
|---|---|---|---|
| 003 | PE-LiUPU | ||
| 005 | 20250731173253.0 | ||
| 008 | 150625s r 000 0 d | ||
| 035 | _a(Sirsi) a35637 | ||
| 040 |
_aPE-LiUPU _bspa _cPE-LiUPU _erda |
||
| 082 | 0 | 4 |
_a238.2 _bH41N _221 |
| 110 | 2 | _aEditorial Herder | |
| 245 | 1 | 0 |
_aNuevo catecismo católico : _bcreer-vivir-obrar / _cEditorial Herder. |
| 264 | 1 |
_aBarcelona : _bEditorial Herder, _c1972. |
|
| 300 |
_a310 páginas ; _c21 cm. |
||
| 336 |
_atext _2rdacontent |
||
| 337 |
_aunmediated _2rdamedia |
||
| 338 |
_avolume _2rdacarrier |
||
| 505 | 0 | _aDios nos da la salvacion. -Vivimos en el pueblo de Dios. -El cristiano en el mundo. -nuestra esperanza en la consumacion. -Ordenacion cristiana del dia y la vida. | |
| 526 | _aSEG42 | ||
| 526 | _aSEG41 | ||
| 526 | _aSEG40 | ||
| 526 | _aSEG39 | ||
| 526 | _aP94 | ||
| 526 | _aP87 | ||
| 526 | _aP86 | ||
| 526 | _aP85 | ||
| 526 | _aP77 | ||
| 526 | _aP76 | ||
| 526 | _aP35 | ||
| 650 | 0 | 4 |
_aCatecismos. _93229 |
| 910 | _a | ||
| 942 |
_2ddc _cBOOK |
||
| 949 |
_a238.2 H41N _wDEWEY _c1 _i38820 _lCCODEBUL1 _mBUL _p00.00 _r0 _sY _tBOOK _u2015-06-25 _xBIBLIOTECA _zUNKNOWN _0COMPRA _o.STAFF. Colección General |
||
| 596 | _a1 | ||
| 999 |
_a238.2 H41N _wDEWEY _c43623 _i38820 _d43623 _f2021-11-11 _g5 _lCCODEBUL1 _mBUL _q2 _r0 _sY _tBOOK _u2015-6-25 _xTEOLOGIA _zUNKNOWN _0COMPRA _o.STAFF. Colección General |
||
| 980 |
_81 _gALBERTO SANCHEZ Responsable de Automatización |
||